| 000 | 00793nas a2200241 4500 | ||
|---|---|---|---|
| 001 | BR9101266 | ||
| 003 | BR-BrBNA | ||
| 005 | 20231205091957.0 | ||
| 007 | ta | ||
| 008 | 230509b bl.|||p| |||| 00| 00por d | ||
| 040 |
_aBR-BrBNA _bpor _cBiblioteca Nacional de Agricultura |
||
| 041 | _a(Pt) | ||
| 072 | _aH10 | ||
| 100 | 1 | _aCorrea-Ferreira, B.S. | |
| 100 | 1 | _aPollato, S.L.B. | |
| 245 | 1 | _aBiologia e consumo do predador Callida sp. (Coleoptera: Carabidae); criada em Anticarsia gemmatalis Hubner, 1818 | |
| 650 | _aINSETO PARA CONTROLE BIOLOGICO | ||
| 650 | _aLAGARTA | ||
| 650 | _aENTOMOLOGIA | ||
| 773 | 0 |
_tPesquisa Agropecuaria Brasileira (Brazil) _xISSN 0100-204X _g(Aug 1989), v. 24(8) p. 923-927 _wBR9101266 |
|
| 909 |
_a202311 _bLúcia _c55 _dLúcia Elande |
||
| 942 |
_2AGRIS _n0 _cANA |
||
| 999 |
_c128490 _d128490 |
||